000 00964nam a22001937a 4500
999 _c63865
_d63865
003 Ge_BSU
005 20260209150408.0
008 260209s1958 ge ||||| |||| 00| 0 geo d
041 _ageo
080 _a332.68 კ-37
100 _aკახეთელიძე, მიხეილ
_926844
245 _aმიწის რენტის ბურჟუაზიული თეორიების კრიტიკა /
_cმიხეილ კახეთელიძე; საქ. სსრ მეცნ. აკადემია.
264 _aთბ. :
_b საქ. სსრ მეცნ. აკად. გამ-ბა და სტ.,
_c1958.
300 _a95 გვ. ;
_b23 სმ.
490 _aმეცნიერულ-პოპულარული სერია
504 _aბიბლიოგრ. ტექსტის შენიშვნებში
653 _aმიწის რენტა
942 _2udc
_cᲬᲘᲒᲜᲘ